Country Capital Match: Swapped First Letter Quiz Stats

 Plays Quiz Updated Mar 24, 2017

Support Sporcle.
Go Orange.
Score 0/15 Timer 01:30
8 Plays Today
% Correct
Bermany
96.5%
Tapan
96.5%
Prance
95.8%
Mpain
95%
Braq
93.3%
Sulgaria
91.3%
Huba
90.7%
Ratvia
88.4%
% Correct
Nahamas
88.1%
Mman
83.9%
Himbabwe
83.4%
Byrgyzstan
82.6%
Logo
77.3%
Aamoa
77.2%
Lambia
74.5%

You're not logged in!

Compare scores with friends on all Sporcle quizzes.
OR
Log In

From the Vault

'S' Books by Cover

by livicj5

The titles for these books are missing--they're undercover.
Remove Ads.
Support Sporcle.
Get the best of Sporcle when you Go Orange. This ad-free experience offers more features, more stats, and more fun while also helping to support Sporcle. Thank you for becoming a member.

Show Comments

Extras

Top Quizzes Today


Score Distribution

Your Account Isn't Verified!

In order to create a playlist on Sporcle, you need to verify the email address you used during registration. Go to your Sporcle Settings to finish the process.

Report this User

Report this user for behavior that violates our Community Guidelines.

Details: